Ornithologie - Espèces - Statistiques

Statistiques générales
  • Ce quiz a été pris 102 fois
  • Le résultat moyen est 42 sur 107
Statistiques - réponses
Par images Réponse % Correct
Mésange bleue
79%
Pic vert
76%
Héron cendré
71%
Pie bavarde
69%
Martin pêcheur
67%
Pic noir
67%
Chardonneret élégant
62%
Mésange charbonnière
62%
Canard colvert
60%
Pic épeiche
60%
Tourterelle turque
60%
Grand Cormoran
57%
Mouette rieuse
57%
Mésange huppée
55%
Pigeon ramier
55%
Sittelle torchepot
55%
Cigogne noire
52%
Grande Aigrette
52%
Hirondelle rustique
52%
Moineau domestique
52%
Bergeronnette grise
50%
Buse variable
50%
Faucon pèlerin
50%
Goéland argenté
50%
Grive musicienne
50%
Troglodyte mignon
50%
Corbeau freux
48%
Coucou gris
48%
Foulque macroule
48%
Geai des chênes
48%
Grèbe huppé
48%
Hibou moyen-duc
48%
Merle noir
48%
Moineau friquet
48%
Pinson des arbres
48%
Roitelet huppé
48%
Rougegorge familier
48%
Vanneau huppé
48%
Cygne tuberculé
45%
Etourneau sansonnet
45%
Mésange noire
45%
Bouvreuil pivoine
43%
Cigogne blanche
43%
Faucon crécerelle
43%
Grand Corbeau
43%
Mésange nonnette
43%
Pigeon biset
43%
Effraie des clochers
40%
Faisan de Colchide
40%
Grosbec casse-noyaux
40%
Grue cendrée
40%
Oie cendrée
40%
Choucas des tours
38%
Corneille noire
38%
Gallinule poule-d'eau
38%
Grimpereau des jardins
38%
Hibou Grand-Duc
38%
Martinet noir
38%
Verdier d'Europe
38%
Autour des palombes
36%
Orite à longue queue
36%
Rougequeue noir
36%
Alouette des champs
33%
Bernache du Canada
33%
Courlis cendré
33%
Epervier d'Europe
33%
Fauvette à tête noire
33%
Hirondelle de fenêtre
33%
Loriot d'Europe
33%
Perruche à collier
33%
Pigeon colombin
33%
Pouillot véloce
33%
Avocette élégante
31%
Bec-croisé des sapins
31%
Bergeronnette des ruisseaux
31%
Huitrier pie
31%
Tadorne de Belon
31%
Accenteur mouchet
29%
Cincle plongeur
29%
Milan royal
29%
Perdrix grise
29%
Pinson du nord
29%
Bécasse des bois
26%
Caille des blés
26%
Canard souchet
26%
Chouette hulotte
26%
Linotte mélodieuse
26%
Ouette d'Egypte
26%
Sarcelle d'hiver
26%
Tarier pâtre
26%
Tarin des aulnes
26%
Bergeronnette printanière
24%
Chevêche d'Athéna
24%
Grive mauvis
24%
Fuligule milouin
21%
Hirondelle de rivage
21%
Bruant jaune
19%
Chevalier gambette
19%
Fuligule morillon
19%
Grive draine
19%
Rougequeue à front blanc
19%
Canard chipeau
17%
Canard pilet
14%
Canard siffleur
12%
Fauvette grisette
12%
Grive litorne
10%
Rossignol philomèle
10%
Aucun quiz correspondant
Distribution des résultats
% des personnes avec chaque résultat
Percentile par nombre de réponses
Votre historique - résultats
Vous n’avez pas pris ce quiz